L'evolution de la langue egyptienne et les languages semitiques : /

محفوظ في:

المؤلف الرئيسي: Naville,Edouard

التنسيق: كتاب

اللغة: Undetermined

منشور في: Paris : Librairie Paul Geuthner, 1920.

الموضوعات:

الوسوم: إضافة وسم

لا توجد وسوم, كن أول من يضع وسما على هذه التسجيلة!

رقم الطلب: PJ1111 .N3 c.1

LEADER 00679nam a2200169Ia 4500
008 220401s9999||||xx |||||||||||||| ||und||
050 4 |a PJ1111 .N3 c.1 
100 1 |a Naville,Edouard 
245 1 0 |a L'evolution de la langue egyptienne et les languages semitiques :  |b  /  |c Edouard Naville. 
264 1 |a Paris :  |b Librairie Paul Geuthner,  |c 1920. 
300 |a 178p. :  |b  ;  |c 27cm. 
500 |a includes bibliographical references. 
650 1 4 |a Egyptian languages History. 
650 1 4 |a Semitic languages History. 
942 |2 lcc  |c BK 
952 |0 0  |1 0  |2 lcc  |4 0  |6 PJ1111 N3 C.00001  |7 1  |9 39291  |a ARCE  |b ARCE  |d 2022-04-01  |l 0  |o PJ1111 .N3 c.1  |p 1019054  |r 2022-04-01 00:00:00  |w 2022-04-01  |y BK 
999 |c 46872  |d 46872